Clásicos en México : Ignacio Montes de Oca y Obregón : antología /
Uloženo v:
| Hlavní autor: | |
|---|---|
| Médium: | Kniha |
| Jazyk: | španělština |
| Vydáno: |
México :
Secretaría de Educación Pública,
1948
|
| Edice: | (Biblioteca Enciclopédica Popular. Tercera Epoca ;
197) |
| Témata: | |
| Tagy: |
Žádné tagy, Buďte první, kdo vytvoří štítek k tomuto záznamu!
|
MARC
| LEADER | 00000nam^a2200000^a^4500 | ||
|---|---|---|---|
| 001 | 000138062 | ||
| 005 | 20250521000000.0 | ||
| 009 | 20260310095415.092 | ||
| 037 | |a Acervo ITESO - Biblioteca | ||
| 041 | |a ESP | ||
| 082 | |a 861. |b MON | ||
| 100 | |a Montes de Oca y Obregón, Ignacio |e (autor) | ||
| 245 | 1 | 0 | |a Clásicos en México : |b Ignacio Montes de Oca y Obregón : antología / |c I. Montes de Oca y Obregón ; pról. de Joaquín A. Peñalosa. |
| 264 | 1 | |a México : |b Secretaría de Educación Pública, |c 1948 | |
| 300 | |a 85 p. | ||
| 336 | |a texto |b txt |2 rdacontenido | ||
| 337 | |a sin mediación |b n |2 rdamedio | ||
| 338 | |a volumen |b nc |2 rdasoporte | ||
| 440 | 1 | |a (Biblioteca Enciclopédica Popular. |p Tercera Epoca ; |v 197) | |
| 545 | 0 | |a Ignacio Montes de Oca y Obregón (1840-1921), quien utilizó el seudónimo de Ipandro Acaico, perteneció a una de las familias más aristocráticas de México en el siglo XIX. Se educó en Inglaterra, luego en Roma; se ordenó sacerdote y obtuvo el doctorado en Derecho y en Derecho canónico; fue considerado como un magnífico expositor académico y buen orador sagrado, además de consumado humanista. Ocupó varios cargos como ministro religioso, entre ellos, capellán de las tropas pontificias durante el papado de Pío IX; regresó a México y fue capellán de honor de Maximiliano; restablecida la república, fue consagrado primer obispo de Tamaulipas y luego fue obispo de Linares y posteriormente de San Luis Potosí. Fue miembro de la Academia Mexicana de la Lengua y de la Academia Mexicana de la Historia. Además de un amplio epistolario, escribió poesía y tradujo obras latinas al español. | |
| 649 | |a XX | ||
| 650 | |a Poesía Mexicana | ||
| 650 | |a Literatura Mexicana - |y Siglo XIX | ||
| 650 | |a Literatura Mexicana - |y Siglo XX | ||
| 650 | |a Escritores Mexicanos - |x Biografías | ||
| 600 | |a Montes de Oca y Obregón, Ignacio | ||
| 910 | |a Fondo Salvador Reynoso Reynoso | ||
| 920 | |a Impresos - Libros | ||
| 930 | |a Fondos Especiales | ||
| 940 | |a Literatura | ||
| 905 | |a 112 | ||
| 901 | |a 0800014623 |b IT2 |c ESP |u 20250521 | ||
| 901 | |a 0800014626 |b IT2 |c ESP |u 20250521 | ||
| 902 | |a https://opac.biblio.iteso.mx/vufind/Record/000138062 | ||